000 00301nam a22001337a 4500
008 171102b xxu||||| |||| 00| 0 eng d
020 _a2900618640217
041 _aeng
080 _a33
100 _a59
101 _aBUS
245 _aCONTEMPORARY BUSINESS COMMUNICATION
_cOBER, S
942 _2udc
_cBK
999 _c37250
_d37250